000
00307nam a2200145Ia 4500
100
_a
Kalakota/ Ravi
942
_c
BK
654
_a
computer
245
_a
e-Business Roadmap for Sucess
260
_b
Addison Wesly
_c
1999
082
_a
4.692
_b
KAL/ROB
300
_a
378
546
_a
ENGLISH
999
_c
19080
_d
19080